Psychologické základy hudební pedagogiky /

Hlavní autor: Holas, Milan, 1954-2010
Korporativní autor: Akademie múzických umění v Praze. Hudební fakulta
Jazyk: Čeština
Vydáno: Praha : Státní pedagogické nakladatelství, 1988
Vydání: 1. vyd.
Témata:
Fyzický popis: 127 s.
Knihy
Uloženo v:
LEADER 01063nam a22003132a 4500
001 000120087
003 CZ BrMZK
005 20080103133039.0
007 ta
008 950101s1988 xr f cze d
015 |a cnb000044289 
035 |a (OCoLC)39410278 
040 |a BOA001  |b cze 
080 9 |a 159.9(075.8) 
080 9 |a 78(075.8) 
080 9 |a 378.67 
100 1 |a Holas, Milan,  |d 1954-2010  |7 xx0013298  |4 aut 
245 1 0 |a Psychologické základy hudební pedagogiky /  |c Milan Holas 
250 |a 1. vyd. 
260 |a Praha :  |b Státní pedagogické nakladatelství,  |c 1988 
300 |a 127 s. 
504 |a Obsahuje bibliografii 
550 |a Vydavatel: Akademie múzických umění v Praze, Hudební fakulta 
710 2 |a Akademie múzických umění v Praze.  |b Hudební fakulta  |7 kn20010709002 
910 |a BOA001  |b 4-0943.900 
964 |a Psychologie hudby - pedagogika - využití - učebnice - školy vysoké 
990 |a BK 
991 |b 200801 
996 7 |b 2619968865  |c 4-0943.900  |l MZK  |r Sklad / do 1 hodiny  |n 33  |w 000120087  |u 000010  |a 1  |e BOA001  |j MZK50  |s A